Lanczos algorithms for large symmetric eigenvalue computations. Vol. I, theory (Record no. 227919)

MARC details
000 -LEADER
fixed length control field 00949nam a2200229Ia 4500
008 - FIXED-LENGTH DATA ELEMENTS--GENERAL INFORMATION
fixed length control field 191130s2002##################000#0#eng##
020 ## - INTERNATIONAL STANDARD BOOK NUMBER
ISBN 9780898715231
082 ## - DEWEY DECIMAL CLASSIFICATION NUMBER
Classification number 512.9434 CUL
100 ## - MAIN ENTRY--AUTHOR NAME
Personal name Cullum, Jane K
245 ## - TITLE STATEMENT
Title Lanczos algorithms for large symmetric eigenvalue computations. Vol. I, theory
Statement of responsibility, etc Jane K Cullum; Ralph A Willoughby
260 ## - PUBLICATION, DISTRIBUTION, ETC. (IMPRINT)
Place of publication Philadelphia, PA
Name of publisher Society for Industrial and Applied Mathematics
Year of publication 2002
300 ## - PHYSICAL DESCRIPTION
Number of Pages 1 vol. (XX-268 p.) ; 23 cm
500 ## - GENERAL NOTE
General note Originally published: Boston : Birkhäuser, 1985, in series: Progress in scientific computing ; v. 3-4. Includes bibliographical references and index
650 ## - SUBJECT ADDED ENTRY--TOPICAL TERM
Topical Term Eigenvalues--Data processing
Topical Term Matrices symétriques -- Informatique
Topical Term Symmetric matrices--Data processing
Topical Term Valeurs propres -- Informatique
991 ## -
-- 184093
Holdings
Withdrawn status Lost status Damaged status Not for loan Home library Current library Shelving location Date acquired Full call number Accession Number Price effective from Koha item type
        Anna Centenary Library Anna Centenary Library 5TH FLOOR, A WING 13.10.2020 512.9434 CUL 100463 13.10.2020 English Books

Find us on the map